Quality of life in Czech rural areas
Meranie kvality života na českom vidieku. Pojem kvalita života. Pre každú zo siedmich identifikovaných dimenzií kvality života autori uvádzajú porovnanie vidieckej a nevidieckej populácie.
Na minha lista:
| Autor principal: | |
|---|---|
| Outros Autores: | , |
| Formato: | Capítulo de Livro |
| Idioma: | inglês |
| Assuntos: | |
| Tags: |
Sem tags, seja o primeiro a adicionar uma tag!
|
MARC
| LEADER | 00000naa$a2200000$$$4500 | ||
|---|---|---|---|
| 001 | 0098823 | ||
| 005 | 20231129064946.6 | ||
| 041 | 0 | |a eng | |
| 044 | |a CZ | ||
| 245 | 1 | 0 | |a Quality of life in Czech rural areas |c Pavel Pospěch, M. Delín, D. Spěšná |
| 520 | |a Meranie kvality života na českom vidieku. Pojem kvalita života. Pre každú zo siedmich identifikovaných dimenzií kvality života autori uvádzajú porovnanie vidieckej a nevidieckej populácie. | ||
| 610 | 2 | 0 | |a Česko |
| 610 | 2 | 0 | |a kvalita života |
| 610 | 2 | 0 | |a vidiek |
| 100 | 1 | |a Pospěch, Pavel | |
| 700 | 1 | |a Delín, M. | |
| 700 | 1 | |a Spěšná, D. | |